000 00266nam a2200121Ia 4500
008 190216s9999||||xx |||||||||||||| ||und||
100 _aHudson W H
245 0 _aGreen Mansions
260 _bB I Publication
_c1985
300 _a254p
650 _aNovel
942 _cBK
999 _c13413
_d13413